The abbe Sieyés, an essay in the polities of the French Revolution / (Record no. 44327)

MARC details
000 -LEADER
campo de control de longitud fija 00615nam a2200193 i 4500
001 - NÚMERO DE CONTROL
campo de control 44327
003 - IDENTIFICADOR DE NÚMERO DE CONTROL
campo de control ES-MaACL
005 - FECHA Y HORA DE LA ÚLTIMA TRANSACCIÓN
campo de control 20231103062528.0
007 - CAMPO FIJO DE DESCRIPCIÓN FÍSICA--INFORMACIÓN GENERAL
campo de control de longitud fija t|
008 - DATOS DE LONGITUD FIJA--INFORMACIÓN GENERAL
campo de control de longitud fija 030321s1912 xxk ||||1| eng d
100 1# - ENTRADA PRINCIPAL--NOMBRE DE PERSONA
Nombre de persona Clapham, J. H.
9 (RLIN) 38986
245 14 - MENCIÓN DEL TÍTULO
Título The abbe Sieyés, an essay in the polities of the French Revolution /
Mención de responsabilidad, etc. by J. H. Clapham.
260 ## - PUBLICACIÓN, DISTRIBUCIÓN, ETC.
Lugar de publicación, distribución, etc. London :
Nombre del editor, distribuidor, etc. P. S. King et Son,
Fecha de publicación, distribución, etc. 1912.
300 ## - DESCRIPCIÓN FÍSICA
Extensión VI, 275 p., 1 lám. ;
Dimensiones 22 cm.
600 04 - PUNTO DE ACCESO ADICIONAL DE MATERIA--NOMBRE DE PERSONA
Nombre de persona Sieyès, Emmanuel Joseph.
9 (RLIN) 106296
651 #4 - PUNTO DE ACCESO ADICIONAL DE MATERIA--NOMBRE GEOGRÁFICO
Nombre geográfico Francia-
Subdivisión general Historia-
Subdivisión cronológica 1789-1799, Revolución
9 (RLIN) 8685
852 ## - LOCALIZACIÓN
Ubicación ES-MaACL
Número de control de estantería G-6227
Holdings
Estatus retirado Estado de pérdida Estado de daño No para préstamo Biblioteca de origen Biblioteca actual Ubicación en estantería Fecha de adquisición Fuente de adquisición Total de préstamos Signatura topográfica completa Código de barras Visto por última vez Precio de reemplazo Tipo de ítem Koha
        Biblioteca del Ateneo de Madrid Biblioteca del Ateneo de Madrid Depósito 2 17/01/2008     G-6227 1046650 23/02/2023 23/02/2023 Libro impreso